Presupuesto: Enfoque moderno de planeación y control de recursos/ (Registro nro. 9025)

Detalles MARC
000 -LEADER
fixed length control field 01068nam a2200205Ia 4500
005 - FECHA Y HORA DE LA ÚLTIMA TRANSACCIÓN
control field 20241219144826.0
008 - FIXED-LENGTH DATA ELEMENTS--GENERAL INFORMATION
fixed length control field 230823s9999 xx 000 0 und d
020 ## - INTERNATIONAL STANDARD BOOK NUMBER
International Standard Book Number 9586004473
040 ## - CATALOGING SOURCE
Original cataloging agency UPAN
Transcribing agency Biblioteca San Vicente
Description conventions RCAA2
041 ## - LANGUAGE CODE
Language code of text/sound track or separate title spa
082 ## - DEWEY DECIMAL CLASSIFICATION NUMBER
Classification number 658.151
Item number B873p
año de publicación 1995
100 ## - MAIN ENTRY--PERSONAL NAME
Personal name Burbano Ruiz, Jorge E.
Relator code aut.
245 #0 - TITLE STATEMENT
Title Presupuesto: Enfoque moderno de planeación y control de recursos/
Remainder of title Jorge E. Burbano Ruiz
250 ## - EDITION STATEMENT
Edition statement 2ª ed.
260 ## - PUBLICATION, DISTRIBUTION, ETC. (IMPRINT)
Place of publication, distribution, etc Colombia:
Name of publisher, distributor, etc McGraw Hill,
Date of publication, distribution, etc 1995
300 ## - PHYSICAL DESCRIPTION
Extent 376 p.;
Dimensions 23 cm.
505 ## - FORMATTED CONTENTS NOTE
Formatted contents note Capitulo 1. Generalidades sobre el presupuesto empresarial <br/>Capitulo 2. Metodología para la elaboración del presupuesto<br/>Capitulo 3. Planeación del marketing y presupuestos comerciales<br/>Capitulo 4. Planeamiento y presupuesto de la producción <br/>Capitulo 5. Planeamiento y presupuestación de los costos de producción y los gastos operacionales<br/>Capitulo 6. Presupuesto de efectivo (flujos de caja)<br/>Capitulo 7. Pronósticos financieros en proyectos de inversión
650 ## - SUBJECT ADDED ENTRY--TOPICAL TERM
Source of heading or term LEMB
General subdivision Presupuesto
942 ## - ADDED ENTRY ELEMENTS (KOHA)
Koha item type Libros
Source of classification or shelving scheme Dewey Decimal Classification
Existencias
Withdrawn status Lost status Source of classification or shelving scheme Damaged status Not for loan Collection code Home library Current library Date acquired Total Checkouts Full call number Barcode Date last seen Copy number Price effective from Koha item type
    Dewey Decimal Classification     Colección General Biblioteca UPAN San Vicente Biblioteca UPAN San Vicente 23/08/2023   658.151 B873p 12001687 23/08/2023 01 23/08/2023 Libros